000 00838nas a2200277 4500
001 BR0103358
003 BR-BrBNA
005 20231205102342.0
007 ta
008 230509b bl.|||p| |||| 00| 00por d
040 _aBR-BrBNA
_bpor
_cBiblioteca Nacional de Agricultura
041 _a(Pt)
072 _aF30
100 1 _aCarvalho, L.P. de
100 1 _aVieira, R. de M.
245 1 _aExpression of the gossypium barbadense GL e Gene in Gossypium hisrsutum Annual cotton
650 _aAlgodao
650 _aHereditariedade
650 _aGene
650 _aGossipol
650 _aSemente
650 _aMelhoramento Genetico Vegetal
773 0 _tRevista de Oleaginosas e Fibrosas (Brazil)
_xISSN 1415-6784
_g(Jan-Apr 2000), v. 4(1) p. 39-44
_wBR0103358
909 _a202311
_bLúcia
_c55
_dLúcia Elande
942 _2AGRIS
_n0
_cANA
999 _c167127
_d167127